Sociocultural studies of mind
Tallennettuna:
| Päätekijät: | , , |
|---|---|
| Aineistotyyppi: | Kirja |
| Kieli: | englanti |
| Julkaistu: |
Nueva York
Cambridge University Press
1995
|
| Painos: | 1a. ed |
| Sarja: | Learning in Doing: Social, Cognitive and Computational Perspectives
|
| Aiheet: | |
| Tagit: |
Lisää tagi
Ei tageja, Lisää ensimmäinen tagi!
|
MARC
| LEADER | 00000nam a2200000 a 4500 | ||
|---|---|---|---|
| 001 | UCJ2971 | ||
| 003 | CL-VaPUC | ||
| 008 | 070119e19950000US |||||||||||||||||eng|d | ||
| 020 | |a 0521476430 | ||
| 020 | |a 0521470560 | ||
| 082 | 0 | 4 | |a 155.8 |b WER |2 21 |
| 100 | 0 | |a Wertsch, James V |e author |9 504054 | |
| 700 | 0 | |a Río, Pablo del |e author |9 504055 | |
| 700 | 0 | |a Alvarez, Amelia |e author |9 504056 | |
| 245 | 1 | 0 | |a Sociocultural studies of mind |
| 250 | |a 1a. ed | ||
| 300 | |a 252 p | ||
| 942 | |c BK | ||
| 945 | |d 20070119 00:00:00 |a lvergara | ||
| 260 | |a Nueva York |b Cambridge University Press |c 1995 | ||
| 500 | |a Donación de la Dra. Marianne Peronard Thierry | ||
| 650 | 7 | |a ETNOPSICOLOGIA |2 CL-VaPUC |9 309927 | |
| 650 | 0 | |a Psicología social |9 222894 | |
| 650 | 0 | |a Análisis del discurso |9 256696 | |
| 583 | |a last modification |c 20070119 00:00:00 |k Rodrigo Vera | ||
| 490 | 0 | |a Learning in Doing: Social, Cognitive and Computational Perspectives | |
| 999 | |c 319097 |d 319095 | ||
| 952 | |0 0 |1 0 |4 0 |6 155_800000000000000_WER_1995 |7 0 |8 A |9 397336 |a FDOPOS |b FDOPOS |d 2019-11-22 |i 4312570 |o 155.8 WER 1995 |p 4312570 |r 2025-01-22 |w 2019-11-22 |y BK |k MLA | ||